Podoby viery /

Salvato in:
Dettagli Bibliografici
Autore principale: Zajac, Matúš (Autore, Fotografo)
Natura: Libro
Lingua:slovacco
inglese
Pubblicazione: Prešov : Vydavateľstvo Michala Vaška, 2011
Edizione:1. vydanie
Soggetti:
Tags: Aggiungi Tag
Nessun Tag, puoi essere il primo ad aggiungerne!!

MARC

LEADER 00000nam a22000003a 4500
001 0071844
003 SK-STU
005 20200117111315.5
007 ta
008 190219s ----xo-----e------000-0-----d
020 |a 978-80-7165-836-8 
040 |a STU  |b slo 
041 0 |a slo  |a eng 
044 |a xo 
100 1 |a Zajac, Matúš  |4 aut  |4 pht 
245 1 0 |a Podoby viery /  |c aut. Matúš Zajac 
246 3 1 |a Forms of Faith 
250 |a 1. vydanie 
260 |a Prešov :  |b Vydavateľstvo Michala Vaška,  |c 2011 
300 |a 168 s. 
650 0 7 |a umelecká fotografia 
650 0 7 |a viera 
650 0 7 |a kostoly 
650 0 7 |a ľudia 
650 0 7 |a sprievody a púte 
996 |b 284AU07873  |c A* 11132/U  |l AAKNAR  |s A  |a 24  |w 0071844_0001